000 00966nam a22002531 4500
001 5961
003 BD-RjUL
005 20211208234148.0
008 14 t1957 maua 000 0 eng
035 _a(BD-RjUL)6000
040 _aDLC/ICU
_cICU
_dDLC
_dBD-RjUL
_beng
041 _aeng
082 0 0 _a510.78
_216
_bNOT 1957
245 1 0 _aNotes on analog-digital conversion techniques /
_cedited by Alfred K. Susskind. Prepared by staff members of the Servomechanisms Laboratory, Dept. of Electrical Engineering, Massachusetts Institute of Technology: John W. Brean [and others.
260 _aCambridge :
_bTechnology Press, Massachusetts Institute of Technology,
_cc1957.
300 _a8-77 p. :
_billus. ;
_c23 cm.
650 0 _aComputers.
_918739
650 0 _aElectronic data processing.
_918740
700 1 _aSusskind, Alfred K.,
_eed.
_918741
740 0 _aAnalog-digital conversion techniques.
942 _2ddc
_cBK
999 _c5961
_d5961